La Escuela de Cerámica de Madrid (1911-2011) / (Record no. 183048)

MARC details
000 -LEADER
campo de control de longitud fija 01723nam a2200289 i 4500
001 - NÚMERO DE CONTROL
campo de control 183048
003 - IDENTIFICADOR DE NÚMERO DE CONTROL
campo de control ES-MaACL
005 - FECHA Y HORA DE LA ÚLTIMA TRANSACCIÓN
campo de control 20250806063142.0
008 - DATOS DE LONGITUD FIJA--INFORMACIÓN GENERAL
campo de control de longitud fija 140114s2011 sp a |||| | spa d
017 ## - NÚMERO DE COPYRIGHT O DE DEPÓSITO LEGAL
Número de copyright o de depósito legal M 19286-2011
Agencia que asigna Oficina Depósito Legal Madrid
080 ## - NÚMERO DE LA CLASIFICACIÓN DECIMAL UNIVERSAL
Número de la Clasificación Decimal Universal 377.6(460.27 M.):738(091)
100 1# - ENTRADA PRINCIPAL--NOMBRE DE PERSONA
Nombre de persona Anasagasti Lozano, Isabel
Término indicativo de función/relación Autor
9 (RLIN) 154163
245 13 - MENCIÓN DEL TÍTULO
Título La Escuela de Cerámica de Madrid (1911-2011) /
Mención de responsabilidad, etc. [autora texto, Isabel Anasagasti Lozano]
260 ## - PUBLICACIÓN, DISTRIBUCIÓN, ETC.
Lugar de publicación, distribución, etc. [Madrid] :
Nombre del editor, distribuidor, etc. Comunidad de Madrid, Dirección General de Educación Secundaria y Enseñanzas Profesionales :
-- Ayuntamiento de Madrid, Dirección General de Educación y Juventud,
Fecha de publicación, distribución, etc. [2011]
300 ## - DESCRIPCIÓN FÍSICA
Extensión 53 páginas :
Otras características físicas ilustraciones (blanco y negro y color) ;
Dimensiones 21 cm +
Material acompañante/anejo 1 DVD-Vídeo / autor, Miguel Ángel Peña Marí
520 ## - RESUMEN, ETC.
Sumario, etc. Obra publicada con motivo del centenario de la fundación Escuela de Cerámica de Madrid, dentro de las actividades en memoria del fundador Francisco Alcántara y en homenaje a los profesionales, docentes, artistas y técnicos de una de las experiencias educativas, intelectuales y artísticas más innovadoras del siglo XX
610 24 - PUNTO DE ACCESO ADICIONAL DE MATERIA--NOMBRE DE ENTIDAD CORPORATIVA
Nombre de entidad corporativa o nombre de jurisdicción como elemento de entrada Escuela de Cerámica de la Moncloa-
Subdivisión de forma Historia
9 (RLIN) 241586
610 24 - PUNTO DE ACCESO ADICIONAL DE MATERIA--NOMBRE DE ENTIDAD CORPORATIVA
Nombre de entidad corporativa o nombre de jurisdicción como elemento de entrada Escuela de Arte Francisco Alcántara-
Subdivisión de forma Historia
9 (RLIN) 154164
700 1# - ENTRADA AGREGADA--NOMBRE PERSONAL
9 (RLIN) 241587
Nombre de persona Peña Marí, Miguel Ángel
Término indicativo de función/relación Colaborador
710 1# - ENTRADA AGREGADA--NOMBRE DE ENTIDAD CORPORATIVA
Nombre de entidad corporativa o nombre de jurisdicción como elemento de entrada Madrid (Comunidad Autónoma)
Término indicativo de función/relación Editor
9 (RLIN) 5587
710 1# - ENTRADA AGREGADA--NOMBRE DE ENTIDAD CORPORATIVA
Nombre de entidad corporativa o nombre de jurisdicción como elemento de entrada Madrid.
Unidad subordinada Ayuntamiento
Término indicativo de función/relación Editor
9 (RLIN) 234069
852 ## - LOCALIZACIÓN
Ubicación ES-MaACL
Sublocalización o colección R.149817
Ubicación en estantería Depósito 1
Signatura antigua Olim: N-6008
Donativo/Legado Donación Comunidad de Madrid
Número de control de estantería A-12008
itemnumber 189981
852 ## - LOCALIZACIÓN
Ubicación ES-MaACL
Ubicación en estantería Depósito
Donativo/Legado Donación Comunidad de Madrid
Número de control de estantería ROT 2/7/17
942 ## - ELEMENTOS DE ENTRADA SECUNDARIOS (KOHA)
Fuente del sistema de clasificación o colocación Clasificación decimal universal
Tipo de ítem Koha Libro impreso
Suprimir en OPAC No
Holdings
Estatus retirado Estado de pérdida Fuente del sistema de clasificación o colocación Estado de daño No para préstamo Biblioteca de origen Biblioteca actual Ubicación en estantería Fecha de adquisición Fuente de adquisición Total de préstamos Signatura topográfica completa Código de barras Visto por última vez Tipo de ítem Koha
    Clasificación decimal universal     Biblioteca del Ateneo de Madrid Biblioteca del Ateneo de Madrid Depósito 1 14/01/2014 Donación   A-13008 1192387 23/02/2023 Libro impreso
    Clasificación decimal universal     Biblioteca del Ateneo de Madrid Biblioteca del Ateneo de Madrid Depósito 03/05/2017 Donación   ROT 2/7/17 1197510 23/02/2023 DVD